[Event "Basses Vallees Angevines op 4th"]
[Site "Cantenay Epinard"]
[Date "2015.12.19"]
[Round "3"]
[White "Legeay, Julie"]
[Black "Potiron, Nathan"]
[Result "0-1"]
[WhiteElo "1096"]
[BlackElo "1388"]
[PlyCount "116"]
[EventDate "2015.12.19"]
[EventType "swiss"]
[EventRounds "5"]
[EventCountry "FRA"]
[SourceTitle "EXT 2019"]
[Source "ChessBase"]
[SourceDate "2018.10.10"]
[SourceVersion "1"]
[SourceVersionDate "2018.10.10"]
[SourceQuality "1"]

1. Nf3 f5 2. g3 d5 3. Bg2 e6 4. 0-0 Nf6 5. d3 Be7 6. c4 c6 7. cxd5 cxd5 8. Nc3 a6 9. e3 0-0 10. Rb1 Nc6 11. a3 a5 12. Bd2 Rb8 13. Nb5 Bd7 14. Nbd4 Bc5 15. Nc2 Qe7 16. b4 axb4 17. axb4 Bd6 18. b5 Ne5 19. Nxe5 Bxe5 20. Re1 Rfc8 21. Bf3 Bc3 22. e4 fxe4 23. dxe4 Qc5 24. Bxc3 Qxc3 25. Nd4 Rc4 26. Nxe6 Bxe6 27. exd5 Rd4 28. Qe2 Bxd5 29. Bxd5+ Rxd5 30. Qe6+ Kh8 31. Rec1 Re5 32. Qd6 Qf3 33. Qxb8+ Re8 34. Rc8 Qe4 35. Rxe8+ Nxe8 36. Kf1 Qxb1+ 37. Kg2 Qe4+ 38. Kf1 g6 39. f3 Qe7 40. Kg2 Kg7 41. Qf4 Qe2+ 42. Kh3 Qxb5 43. Qd4+ Nf6 44. g4 Qd5 45. Qc3 Qc6 46. Qb3 b5 47. Kg3 Qc4 48. Qb2 Kf7 49. Kf2 b4 50. Ke3 Qc3+ 51. Qxc3 bxc3 52. Kd3 Ke6 53. Kxc3 Ke5 54. Kd3 Kf4 55. Ke2 Nd5 56. Kf2 Ne3 57. h4 Nxg4+ 58. fxg4 Kxg4 0-1